Human factors in traffic safety / (Record no. 554285)

000 -LEADER
fixed length control field 02560cam a2200229 i 4500
020 ## - INTERNATIONAL STANDARD BOOK NUMBER
International Standard Book Number 1933264888 (hardcover : alk. paper)
020 ## - INTERNATIONAL STANDARD BOOK NUMBER
International Standard Book Number 9781933264882 (hardcover : alk. paper)
082 00 - DEWEY DECIMAL CLASSIFICATION NUMBER
Classification number 363.1251
Author Mark SMI
-- NUST-02-p99
100 1# - MAIN ENTRY--PERSONAL NAME
Personal name Smiley, Alison,
9 (RLIN) 51733
245 10 - TITLE STATEMENT
Title Human factors in traffic safety /
Statement of responsibility, etc. edited by Alison Smiley ; contributors, Gerson Alexander, Cher Carney, Robert Dewar, Bonnie M. Dobbs, Paul Green, Fred Hanscom, Jeff Linkenbach, Michele Lustman, Daniel V. McGehee, Herbert Moskowitz, Paul Olson, Jay Otto, Michelle L. Reyes, James E. W. Roseborough, Thomas Smahel, Steve Swinford, Louis Tijerina, Nicholas Ward, David L. Wiesenthal, Sarah Keller.
250 ## - EDITION STATEMENT
Edition statement Third edition.
260 ## - PUBLICATION, DISTRIBUTION, ETC.
Place of publication, distribution, etc. USA:.
Name of publisher, distributor, etc. Lawyers & Judges Publishing company.
Date of publication, distribution, etc. 2016..
300 ## - PHYSICAL DESCRIPTION
Extent ix, 540 pages :
Other physical details illustrations ;
Dimensions 28 cm
500 ## - GENERAL NOTE
General note Includes index.
505 0# - FORMATTED CONTENTS NOTE
Formatted contents note Understanding Road Users /Alison Smiley, Ph.D., CCPE -- Perception /R. E. Dewar and P. L. Olson -- Information Processing, Attention, and Driver Workload /Louis Tijerina -- Where Drivers Look while Driving (and for How Long) /Paul Green -- Driver Perception-Response Time /Paul Olson -- Young Drivers /Michelle L. Ryes, Cher Carney, and Daniel V. McGehee, University of Iowa Human Factors and Vehicle Safety Research Division Public Policy Center -- Older Drivers /Robert Dewar -- Aggressive Driving /David L. Wiesenthal, Michèle Lustman, & James Roseborough -- Alcohol and Drugs /Herbert Moskowitz -- Driver Distraction and Road Safety /Louis Tijerina -- Fatigue and Driving /Alison Smiley, Ph.D., CCPE -- Medical Conditions and Driving /Bonnie M. Dobbs, Ph.D. -- The Visibility Provided by Vehicle Lighting Systems /Paul Olson -- Positive Guidance /Gerson Alexander, B.S., BCPE -- Intersection and Roundabout Crashes /Alison Smiley, Ph.D., CCPE -- Lane Departure Crashes /Alison Smiley, Ph.D., CCPE -- Traffic Control Devices /Alison Smiley, Ph.D., CCPE and Thomas Smahel, M.ARCH., CCPE -- Highway Work Zones /Fred Hanscom and Robert Dewar -- Pedestrians and Bicyclists /Robert Dewar -- The Traffic Safety Culture Paradigm /Nicholas Ward, Jay Otto, Steve Swinford, Sarah Keller, and Jeff Linkenbach, Center for Health and Safety Culture, Western Transportation Institute, Montana State University.
526 ## - STUDY PROGRAM INFORMATION NOTE
Program name 0
Interest level 0
Reading level 0
Title point value 363_125100000000000_SMI
650 #0 - SUBJECT ADDED ENTRY--TOPICAL TERM
Topical term or geographic name entry element Automobile driving
General subdivision Physiological aspects.
9 (RLIN) 51734
650 #0 - SUBJECT ADDED ENTRY--TOPICAL TERM
Topical term or geographic name entry element Traffic accidents
Geographic subdivision United States.
9 (RLIN) 22367
650 #0 - SUBJECT ADDED ENTRY--TOPICAL TERM
Topical term or geographic name entry element Traffic safety
Geographic subdivision United States.
9 (RLIN) 20010
700 1# - ADDED ENTRY--PERSONAL NAME
Personal name Alexander, Gerson J.,
9 (RLIN) 51735
942 ## - ADDED ENTRY ELEMENTS (KOHA)
Source of classification or shelving scheme
Koha item type Book
Holdings
Withdrawn status Lost status Source of classification or shelving scheme Damaged status Not for loan Permanent Location Current Location Date acquired Cost, normal purchase price Total Checkouts Full call number Barcode Date last seen Date last checked out Price effective from Koha item type
          Military College of Engineering (MCE) Military College of Engineering (MCE) 09/03/2019 43223.00 1 363.1251 SMI MCE-51106 10/15/2019 10/15/2019 09/03/2019 Book
© 2023 Central Library, National University of Sciences and Technology. All Rights Reserved.